000 00669nam a2200205 4500
003 OSt
005 20240605061408.0
006 a
008 240605b |||||||| |||| 00| 0 eng d
020 _a9718614457
040 _aDWCL-Main lib.
_cOC
082 _aFil. 624 G478c 2012
100 _aGellisania, DIT
245 _aCivil engineering reference for licensure examination, volume 3 /
260 _aCebu City, Phils. :
_bDiego Inocencio Tapang Gillesania,
_cc2012.
300 _b358 pages : illustrations ;
_c21 cm.
650 _a1. Civil engineering–Examination, questions, etc.
700 _a Diego Inocencio Tapang Gillesania
942 _2ddc
_n0
_cBK - FIL
_kFil.
999 _c189
_d189